[Event "32. Staufer-Open A-Turnier"]
[Site "Schwäbisch Gmünd"]
[Date "2020.01.04"]
[Round "5.14"]
[White "Stork, Oliver"]
[Black "Hess, Max"]
[Result "1-0"]
[WhiteElo "2267"]
[BlackElo "2388"]
[PlyCount "109"]
[EventDate "2020.??.??"]
[WhiteTeam "SV Oberursel"]
[BlackTeam "SC Garching"]

1. c4 e5 2. Nc3 Nc6 3. Nf3 f5 4. g3 Nf6 5. d4 e4 6. Nh4 d6 7. Ng2 g6 8. Bg5 Bg7
9. e3 O-O 10. Nf4 Qe8 11. Bxf6 Bxf6 12. h4 Qf7 13. Rb1 Bd7 14. Be2 Rae8 15. b4
a5 16. b5 Nd8 17. Ncd5 Ne6 18. b6 c6 19. Nxe6 Bxe6 20. Nc7 Rd8 21. Qa4 c5 22.
d5 Bc3+ 23. Kd1 Bd7 24. Nb5 Ra8 25. Qc2 Be5 26. Nc7 Rac8 27. Qd2 a4 28. Qa5 Qg7
29. Kc2 h6 30. Bd1 Qf6 31. Kd2 f4 32. Be2 fxg3 33. fxg3 Bxg3 34. Qa7 Bf2 35.
Rhf1 Bxe3+ 36. Kc2 Bf5 37. Qxb7 Bf2 38. Rxf2 e3+ 39. Rxf5 Qxf5+ 40. Kc1 Qe5 41.
Nb5 Rce8 42. Qd7 Qh2 {(=)} 43. Qg4 Kg7 44. h5 g5 45. Nc3 Qe5 46. Kc2 Rf4 47.
Qd7+ Rf7 48. Qc6 Rf2 49. b7 Qd4 50. Rd1 Qxc4 51. Qd7+ Kf6 52. Qxd6+ Kf5 53.
Qg6+ Kf4 54. Qf6+ Kg3 55. Qxf2+ 1-0

[Event "32. Staufer-Open A-Turnier"]
[Site "Schwäbisch Gmünd"]
[Date "2020.01.04"]
[Round "5.15"]
[White "Dorst, Johannes"]
[Black "Wenninger, Philipp"]
[Result "1/2-1/2"]
[WhiteElo "2222"]
[BlackElo "2366"]
[PlyCount "34"]
[EventDate "2020.??.??"]
[WhiteTeam "SK Marburg"]
[BlackTeam "TSV Schönaich"]

1. e4 c6 2. d4 d5 3. Nc3 dxe4 4. Nxe4 Bf5 5. Ng3 Bg6 6. Nh3 Nf6 7. Nf4 e5 8.
dxe5 Qa5+ 9. c3 Qxe5+ 10. Be2 Nbd7 11. O-O O-O-O 12. Qa4 Bd6 13. Qxa7 h5 14. h4
Ng4 15. Qd4 Be7 16. Nxg6 fxg6 17. Bxg4 hxg4 1/2-1/2

[Event "32. Staufer-Open A-Turnier"]
[Site "Schwäbisch Gmünd"]
[Date "2020.01.04"]
[Round "5.16"]
[White "Heimrath, Reiner"]
[Black "Unzicker, Ferdinand"]
[Result "1-0"]
[WhiteElo "2206"]
[BlackElo "2322"]
[PlyCount "59"]
[EventDate "2020.??.??"]
[WhiteTeam "SC Noris-Tarrasch Nürnberg"]
[BlackTeam "FC Bayern München"]

1. e4 c5 2. Nc3 Nc6 3. g3 g6 4. Bg2 Bg7 5. h4 Nf6 6. Nd5 e6 7. Nxf6+ Bxf6 8. h5
d5 9. d3 dxe4 10. Bxe4 Bd7 11. Nf3 Qe7 12. c3 O-O-O 13. Qb3 g5 14. Be3 g4 15.
Qb5 gxf3 16. Bxc5 Qe8 17. Bxa7 Qg8 18. Be3 Qg7 19. Kf1 Be5 20. h6 Qf6 21. Rh5
Bd6 22. a4 Qe7 23. a5 Be8 24. a6 f5 25. Bxf3 bxa6 26. Rxa6 Nb8 27. Qc4+ Qc7 28.
Qxe6+ Rd7 29. Ra7 Qd8 30. Bb7+ 1-0

[Event "32. Staufer-Open A-Turnier"]
[Site "Schwäbisch Gmünd"]
[Date "2020.01.04"]
[Round "5.17"]
[White "Barzen, Pascal"]
[Black "Jurek, Josef"]
[Result "1-0"]
[WhiteElo "2301"]
[BlackElo "2235"]
[PlyCount "115"]
[EventDate "2020.??.??"]
[WhiteTeam "SG Trier"]
[BlackTeam "SG Schwäbisch Gmünd"]

1. e4 e6 2. d4 d5 3. e5 c5 4. c3 Nc6 5. Nf3 Bd7 6. Be2 Nge7 7. Na3 cxd4 8. cxd4
Nf5 9. Nc2 Qb6 10. O-O Na5 11. g4 Ne7 12. Nfe1 h5 13. gxh5 Nf5 14. Ng2 Bb5 15.
Nge3 Bxe2 16. Qxe2 Nxe3 17. fxe3 Nc6 18. Qf3 Nd8 19. Ne1 Qb5 20. Qd1 a5 {(=)}
21. a4 Qd7 22. Nd3 Nc6 23. Bd2 Bb4 24. Bxb4 Nxb4 25. Nxb4 axb4 26. Qg4 O-O-O
27. a5 Kb8 28. a6 b6 29. a7+ Ka8 30. Rf2 Rdg8 31. Kh1 g6 32. hxg6 Rxg6 33. Qf4
Rgh6 34. Rg2 Rh5 35. Rg5 Rxg5 36. Qxg5 Qd8 37. Qxd8+ Rxd8 38. Kg2 Rg8+ 39. Kf3
Rh8 40. Kg3 Rg8+ 41. Kf4 Rg2 42. h4 Rxb2 43. Rh1 b3 44. h5 Rf2+ 45. Kg3 Rc2 46.
h6 Rc8 47. Kf4 b2 48. Rb1 Rc2 49. Kg3 Kxa7 50. h7 Rc8 51. Rxb2 Rh8 52. Rh2 b5
53. Kf4 b4 54. Kg5 b3 55. Kh6 Ka6 56. Kg7 Rxh7+ 57. Kxh7 Kb5 58. Kg7 1-0

[Event "32. Staufer-Open A-Turnier"]
[Site "Schwäbisch Gmünd"]
[Date "2020.01.04"]
[Round "5.18"]
[White "Sedlak, Nikola"]
[Black "Grill, Bernd"]
[Result "1-0"]
[WhiteElo "2563"]
[BlackElo "2094"]
[PlyCount "107"]
[EventDate "2020.??.??"]
[WhiteTeam "SV Deggendorf"]
[BlackTeam "SV Ebersbach"]

1. d4 Nf6 2. Bg5 Ne4 3. Bf4 d5 4. e3 c5 5. Bd3 Nf6 6. c3 e6 7. Nd2 Bd6 8. dxc5
Bxc5 9. Ngf3 Nc6 10. Qe2 Nh5 11. Bg5 Be7 12. Bxe7 Qxe7 13. O-O O-O 14. c4 Nf6
15. cxd5 Nxd5 16. Be4 Rd8 17. Rac1 e5 18. Nb3 Be6 19. Nc5 h6 20. Nxe6 Qxe6 21.
Rfd1 Nde7 22. a3 a6 23. Nd2 Rac8 24. h3 g6 25. Rc2 Kg7 26. Rdc1 f5 27. Bxc6
Rxc6 28. Nc4 b5 29. Na5 Rxc2 30. Qxc2 Rc8 31. Qb1 Qb6 {(=)} 32. b4 Rxc1+ 33.
Qxc1 Kf6 34. Nb3 Kf7 35. Nc5 Qd6 36. Qa1 h5 37. a4 Nc8 38. h4 Ne7 39. a5 Kg8
40. Qa2+ Kf8 41. Qe6 Qd1+ 42. Kh2 Qd2 43. Nd7+ Ke8 44. Nxe5 Qxb4 45. Nxg6 Kd8
46. Qb6+ Ke8 47. Nf4 Qa3 48. Qxa6 b4 49. Qb5+ Kf7 50. a6 b3 51. a7 b2 52. Nxh5
b1=Q 53. Qxb1 Qxa7 54. Qb3+ 1-0

[Event "32. Staufer-Open A-Turnier"]
[Site "Schwäbisch Gmünd"]
[Date "2020.01.04"]
[Round "5.21"]
[White "Gheng, Josef"]
[Black "Lagunow, Raphael"]
[Result "1-0"]
[WhiteElo "2201"]
[BlackElo "2422"]
[PlyCount "63"]
[EventDate "2020.??.??"]
[WhiteTeam "SK Wernau"]
[BlackTeam "SK Zehlendorf"]

1. c4 e5 2. Nc3 Nf6 3. g3 d5 4. cxd5 Nxd5 5. Bg2 Nb6 6. Nf3 Nc6 7. O-O Be7 8.
a3 a5 9. b3 O-O 10. Bb2 f5 11. d3 Bf6 12. Nd2 Be6 13. Na4 Nxa4 14. bxa4 Ra6 {
(=)} 15. Bc3 Rb6 16. Rb1 Qd6 17. Rxb6 cxb6 18. Qa1 Nd4 19. Bxd4 exd4 20. Bxb7
Qd7 21. Ba6 Qxa4 22. Rb1 Qc6 23. Bc4 Re8 24. Bb5 Qc8 25. Bxe8 Qxe8 26. Rxb6 Bd5
27. Rxf6 gxf6 28. Qxd4 Qc6 29. f3 Bf7 30. Qd8+ Kg7 31. Qxa5 Qc1+ 32. Kf2 1-0

[Event "32. Staufer-Open A-Turnier"]
[Site "Schwäbisch Gmünd"]
[Date "2020.01.04"]
[Round "5.22"]
[White "Roseneck, Jonas"]
[Black "Nehyba, Martin"]
[Result "1-0"]
[WhiteElo "2413"]
[BlackElo "2189"]
[PlyCount "57"]
[EventDate "2020.??.??"]
[WhiteTeam "SG Aufbau Elbe Magdeburg"]

1. e4 c5 2. Nf3 e6 3. d4 cxd4 4. Nxd4 Nf6 5. Nc3 Nc6 6. Ndb5 d6 7. Bf4 e5 8.
Bg5 a6 9. Na3 b5 10. Nd5 Be7 11. Bxf6 Bxf6 12. c3 Bg5 13. Nc2 O-O 14. a4 Rb8
15. axb5 axb5 16. Bd3 Ne7 17. Nxe7+ Bxe7 18. Nb4 Bb7 19. O-O Qb6 20. Qe2 d5 21.
Nxd5 Bxd5 22. exd5 Bd6 23. Ra2 Qb7 24. Qf3 Ra8 25. Rfa1 b4 26. Ra6 bxc3 27.
bxc3 Rfe8 28. Qe4 g6 29. Qa4 1-0

[Event "32. Staufer-Open A-Turnier"]
[Site "Schwäbisch Gmünd"]
[Date "2020.01.04"]
[Round "5.23"]
[White "Farmani Anosheh, Yasha"]
[Black "Das, Soham"]
[Result "0-1"]
[WhiteElo "2187"]
[BlackElo "2355"]
[PlyCount "68"]
[EventDate "2020.??.??"]
[WhiteTeam "SK Ladenburg"]
[BlackTeam "SK Tarrasch München"]

1. d4 f5 2. g3 Nf6 3. Bg2 g6 4. Nf3 Bg7 5. O-O O-O 6. b3 d6 7. Bb2 c6 8. e3 a5
9. a3 Na6 10. Nbd2 Qc7 11. c4 Re8 12. d5 e5 13. dxe6 Bxe6 14. Nd4 Bf7 15. Qc2
Nc5 16. Rfd1 Qe7 17. b4 Nce4 18. Nxe4 Nxe4 19. Rac1 axb4 20. axb4 Ra2 21. Rb1
Rea8 22. Qb3 c5 23. Nb5 Bxb2 24. Rxb2 Rxb2 25. Qxb2 Bxc4 26. Bxe4 Qxe4 27. Nxd6
Qf3 28. Qc2 Bd5 29. e4 Ra2 30. Qxc5 Qxd1+ 31. Kg2 Be6 32. Qe5 Qb3 33. Ne8 Kf8
34. Nc7 Bf7 0-1

[Event "32. Staufer-Open A-Turnier"]
[Site "Schwäbisch Gmünd"]
[Date "2020.01.04"]
[Round "5.24"]
[White "Farmani Anosheh, Armin"]
[Black "Post, Hugo"]
[Result "1-0"]
[WhiteElo "2353"]
[BlackElo "2181"]
[PlyCount "105"]
[EventDate "2020.??.??"]
[WhiteTeam "SK Ladenburg"]
[BlackTeam "Reideburger SV"]

1. e4 c5 2. Nf3 d6 3. d4 cxd4 4. Nxd4 Nf6 5. Nc3 e6 6. g4 h6 7. h4 Nc6 8. Rg1
d5 9. exd5 Nxd5 10. Nxd5 exd5 11. Be3 Qxh4 12. Qe2 Nxd4 13. Bxd4+ Qe7 14. Qxe7+
Bxe7 15. Bxg7 Rg8 16. Bxh6 Rg6 17. g5 Re6+ 18. Kd2 Bc5 19. Rg2 Bd7 20. Bd3
O-O-O 21. Rh1 Rde8 22. Bg7 Bd6 23. Rh4 Kc7 24. Bd4 a6 25. a3 Bb5 26. Bxb5 axb5
27. Rh7 R6e7 28. g6 fxg6 29. Rxe7+ Rxe7 30. Rxg6 Re4 31. c3 Rh4 32. Rf6 Rh2 33.
Kc2 Kd7 34. Rf7+ Kc6 35. Kb3 Rh4 36. Rf5 Re4 37. Rf7 Rg4 38. Rf5 Re4 39. Be3
Re6 40. Rf7 Re4 41. Kc2 Re6 42. Kd3 Rg6 43. f4 Rg2 44. b4 Ra2 45. Rf6 Kd7 46.
Kd4 Rxa3 47. Kxd5 Bxb4 48. cxb4 Rxe3 49. Rf7+ Kc8 50. Kc5 Rf3 51. Kxb5 Kd8 52.
Kb6 Ke8 53. Rf5 1-0

[Event "32. Staufer-Open A-Turnier"]
[Site "Schwäbisch Gmünd"]
[Date "2020.01.04"]
[Round "5.26"]
[White "Kölle, Tobias"]
[Black "Jansen, Dirk Norbert"]
[Result "1/2-1/2"]
[WhiteElo "2316"]
[BlackElo "2122"]
[PlyCount "135"]
[EventDate "2020.??.??"]
[WhiteTeam "TSV Schönaich"]
[BlackTeam "SVG Plettenberg"]

1. d4 f5 2. g3 Nf6 3. Bg2 g6 4. c4 Bg7 5. Nh3 d6 6. d5 O-O 7. O-O Na6 8. Nc3
Nc5 9. Nf4 e5 10. dxe6 c6 11. Qc2 Nxe6 12. Rd1 Qe7 13. Rb1 Rd8 {(=)} 14. b3
Nxf4 15. Bxf4 Nh5 16. Be3 Re8 17. Bd4 f4 18. Bxg7 Bf5 19. Be4 Bxe4 20. Qxe4
Qxe4 21. Nxe4 Rxe4 22. Bc3 fxg3 23. hxg3 Rxe2 24. Rxd6 Rae8 {(=)} 25. Rb2 R2e6
26. Rd7 R8e7 27. Rbd2 b6 28. a4 Kf7 29. a5 bxa5 30. Bxa5 Nf6 31. Rxe7+ Rxe7 32.
Rd6 Re6 33. Rd1 Re2 34. Ra1 Re7 35. Bc3 Ne4 36. Be1 Rb7 37. Ra3 Ke6 38. f3 Nc5
39. b4 Nd7 40. g4 c5 41. bxc5 Nxc5 42. Bf2 Rc7 43. Ra5 Nb3 44. Ra6+ Kf7 45. Bg3
Rxc4 46. Rxa7+ Kg8 47. Be5 h5 48. g5 Nd4 49. Rg7+ Kf8 50. Bxd4 Rxd4 51. Rxg6
Rf4 52. Kf2 Kf7 53. Rh6 Rf5 54. Rxh5 Kg6 55. Rh6+ Kxg5 56. Ra6 Rb5 57. Kg3 Kf5
58. Ra8 Kg5 59. f4+ Kf5 60. Rf8+ Kg6 61. Kg4 Rb1 62. Rg8+ Kf6 63. Rf8+ Kg6 64.
f5+ Kg7 65. Ra8 Rg1+ 66. Kf3 Kf6 67. Kf2 Rg5 68. Ke1 1/2-1/2

[Event "32. Staufer-Open A-Turnier"]
[Site "Schwäbisch Gmünd"]
[Date "2020.01.04"]
[Round "5.27"]
[White "Hentrich, Johannes"]
[Black "Höglauer, Patrick"]
[Result "1-0"]
[WhiteElo "2152"]
[BlackElo "2299"]
[PlyCount "161"]
[EventDate "2020.??.??"]
[BlackTeam "SC Grunbach"]

1. e4 c5 2. Nf3 d6 3. d4 cxd4 4. Nxd4 Nf6 5. Nc3 a6 6. Bg5 Nbd7 7. Qe2 h6 8.
Bh4 b5 9. O-O-O Bb7 10. f4 g5 11. fxg5 hxg5 12. Bxg5 e6 13. a3 Be7 14. Qe1 Qb6
15. Nf3 Ng4 16. Bxe7 Kxe7 17. Nd4 Nde5 18. h3 Nf6 19. Qf2 Qc5 20. Bd3 Rab8 21.
Rhf1 Nfd7 22. Nf3 Rbg8 23. Nd2 Qxf2 24. Rxf2 Nc5 25. Bf1 Rg3 26. Re1 Rh4 27.
Kb1 f6 28. Rfe2 Rf4 29. Re3 Rxe3 30. Rxe3 Nf7 31. b4 Nd7 32. Rf3 Rh4 33. g3 Rh7
34. Rf2 Nde5 35. Rf4 Ng6 36. Rf2 Nge5 37. Rf4 Rh8 38. Nd1 Ng6 39. Rf3 Ng5 40.
Rc3 Kd7 41. Nf2 Ne5 42. h4 Ngf7 43. Be2 Rg8 44. Kb2 Nc6 45. Re3 Nfe5 46. c4 Nd4
47. Bf1 bxc4 48. Nxc4 Ng4 49. Nxg4 Rxg4 50. Nd2 f5 51. Rd3 Nb5 52. exf5 e5 53.
Bh3 Rd4 54. Rxd4 Nxd4 55. a4 Ke7 56. g4 e4 57. Nc4 d5 58. Ne3 Nf3 59. g5 d4 60.
f6+ Kf7 61. Nc4 Bd5 62. Nd6+ Kf8 63. g6 e3 64. Bf1 Nxh4 65. g7+ Kg8 66. Kc2 Nf3
67. Kd3 Kh7 68. b5 axb5 69. axb5 Kg6 70. Ne8 Kf7 71. Nc7 Bb3 72. b6 Kxf6 73. b7
Ne5+ 74. Kxd4 Nc6+ 75. Kc5 Nb8 76. Na6 Nd7+ 77. Kd6 Be6 78. g8=Q Bxg8 79. Kxd7
Be6+ 80. Kd6 Bh3 81. b8=Q 1-0

[Event "32. Staufer-Open A-Turnier"]
[Site "Schwäbisch Gmünd"]
[Date "2020.01.04"]
[Round "5.28"]
[White "Reimann, Sebastian"]
[Black "Cvitan, Ena"]
[Result "1/2-1/2"]
[WhiteElo "2146"]
[BlackElo "2289"]
[PlyCount "28"]
[EventDate "2020.??.??"]
[WhiteTeam "SK Kriegshaber"]

1. e4 c6 2. Nc3 d5 3. Nf3 dxe4 4. Nxe4 Nf6 5. Qe2 Nxe4 6. Qxe4 Be6 7. b3 Nd7 8.
Bb2 Nf6 9. Qh4 Bf5 10. O-O-O e6 11. Ne5 Ng4 12. Qg3 Nxe5 13. Qxe5 Qd5 14. Bc4
Qxe5 1/2-1/2

[Event "32. Staufer-Open A-Turnier"]
[Site "Schwäbisch Gmünd"]
[Date "2020.01.04"]
[Round "5.31"]
[White "Sattel, Dominique"]
[Black "Beukema, Jasper"]
[Result "0-1"]
[WhiteElo "2132"]
[BlackElo "2256"]
[PlyCount "46"]
[EventDate "2020.??.??"]
[WhiteTeam "SK Altrip"]

1. Nc3 d5 2. e4 d4 3. Nce2 c5 4. Ng3 Nc6 5. Bc4 g6 6. f4 h5 7. Qf3 Nh6 8. Nh3
Bg4 9. Qb3 Na5 10. Bb5+ Bd7 11. Qa4 Nc6 12. Qc4 a6 13. Bxc6 Bxc6 14. Qe2 e6 15.
O-O Bd6 16. f5 h4 17. Nh1 gxf5 18. d3 Qc7 19. Bf4 fxe4 20. dxe4 Bb5 21. c4 dxc3
22. Qh5 Bxf1 23. Bxh6 Bb5 0-1

[Event "32. Staufer-Open A-Turnier"]
[Site "Schwäbisch Gmünd"]
[Date "2020.01.04"]
[Round "5.33"]
[White "Burian, Simon"]
[Black "Högy, Kevin"]
[Result "1/2-1/2"]
[WhiteElo "2124"]
[BlackElo "2244"]
[PlyCount "73"]
[EventDate "2020.??.??"]
[WhiteTeam "SK König Plauen"]
[BlackTeam "MTV Tostedt"]

1. e4 e5 2. Nf3 Nc6 3. Bc4 Bc5 4. b4 Bxb4 5. c3 Bc5 6. d4 exd4 7. O-O d6 8.
cxd4 Bb6 9. Nc3 Na5 10. Bxf7+ Kxf7 11. Ng5+ Ke8 12. Nd5 Nh6 13. e5 Bg4 14. f3
dxe5 15. Nxb6 axb6 16. Re1 Kd7 17. fxg4 Kc8 18. Rxe5 Nc6 19. Ne6 Qd7 20. Re1
Nd8 21. Nxc7 Kxc7 22. Bf4+ Kc8 23. Rc1+ Nc6 24. d5 Ra5 25. dxc6 bxc6 26. Qxd7+
Kxd7 27. Red1+ Rd5 28. Rxd5+ cxd5 29. Rc7+ Ke6 30. Rc6+ Kd7 31. Rc7+ Ke6 32.
Bxh6 gxh6 33. Rc6+ Ke5 34. Rxb6 Ra8 35. Rxh6 Ra7 36. Kf1 d4 37. a3 1/2-1/2

[Event "32. Staufer-Open A-Turnier"]
[Site "Schwäbisch Gmünd"]
[Date "2020.01.04"]
[Round "5.38"]
[White "Zwirs, Nico"]
[Black "Amtmann, Florian"]
[Result "1-0"]
[WhiteElo "2418"]
[BlackElo "2118"]
[PlyCount "89"]
[EventDate "2020.??.??"]
[WhiteTeam "SV Mülheim-Nord"]
[BlackTeam "Spvgg Stetten"]

1. c4 g6 2. Nc3 Bg7 3. d4 Nf6 4. e4 d6 5. h3 O-O 6. Be3 e5 7. d5 Na6 8. g4 Nc5
9. f3 a5 10. Qd2 c6 11. Nge2 cxd5 12. cxd5 h5 13. Nc1 Nh7 14. Nd3 b6 15. gxh5
Qh4+ 16. Qf2 Qxh5 17. Nxc5 bxc5 18. Be2 Ba6 19. Bd1 Nf6 20. f4 Qh8 21. f5 Nh5
22. Bxh5 Qxh5 23. Kd2 Rab8 24. Kc2 gxf5 25. exf5 e4 26. Rag1 Bd3+ 27. Kc1 Kh8
28. Rxg7 Kxg7 29. Rg1+ Kf6 30. Bg5+ Qxg5+ 31. Rxg5 Kxg5 32. Qg3+ Kxf5 33. Nd1
Rbd8 34. Ne3+ Kf6 35. Qf4+ Ke7 36. Nf5+ Kf6 37. Nxd6+ Ke7 38. Qe5+ Kd7 39. Nxf7
Rde8 40. Qf5+ Kc7 41. d6+ Kb6 42. d7 e3 43. dxe8=Q Rxe8 44. Qxd3 e2 45. Qd6+
1-0

[Event "32. Staufer-Open A-Turnier"]
[Site "Schwäbisch Gmünd"]
[Date "2020.01.04"]
[Round "6.1"]
[White "Schröder, Jan-Christian"]
[Black "Chittka, Julius"]
[Result "1-0"]
[WhiteElo "2553"]
[BlackElo "2304"]
[PlyCount "63"]
[EventDate "2020.??.??"]
[WhiteTeam "SF 1903 Berlin"]
[BlackTeam "SF Düsseldorf-Süd"]

1. e4 c5 2. Nf3 Nc6 3. d4 cxd4 4. Nxd4 Nf6 5. Nc3 e5 6. Ndb5 d6 7. Nd5 Nxd5 8.
exd5 Nb8 9. a4 Be7 10. Be2 O-O 11. O-O Nd7 12. Bd2 a6 13. Na3 a5 14. Nc4 f5 15.
f4 Qc7 16. Kh1 b6 17. Be3 Ba6 18. Na3 Bxe2 19. Qxe2 Rac8 20. c3 Bf6 21. Nb5 Qb8
22. g4 exf4 23. Bxf4 Rce8 24. Qc2 Be5 25. gxf5 Bxf4 26. Rxf4 Re5 27. Rg1 Rf7
28. c4 Qf8 29. Nd4 Nc5 30. Rfg4 Kh8 31. Qg2 Nd3 32. Qg3 1-0

[Event "32. Staufer-Open A-Turnier"]
[Site "Schwäbisch Gmünd"]
[Date "2020.01.04"]
[Round "6.2"]
[White "Gschnitzer, Adrian"]
[Black "Vorobiov, Evgeny E"]
[Result "1/2-1/2"]
[WhiteElo "2388"]
[BlackElo "2535"]
[PlyCount "41"]
[EventDate "2020.??.??"]
[WhiteTeam "SV Walldorf"]
[BlackTeam "SF 90 Spraitbach"]

1. e4 c5 2. Nf3 Nc6 3. d4 cxd4 4. Nxd4 Nf6 5. Nc3 d6 6. Bg5 e6 7. Qd2 a6 8.
O-O-O Be7 9. f4 Bd7 10. Nf3 b5 11. a3 b4 12. axb4 Nxb4 13. Bxf6 Qa5 14. Kb1
gxf6 15. Nd4 Rc8 16. Nb3 Qb6 17. Qd4 Qb8 18. Na5 Nc6 19. Nxc6 Rxc6 20. e5 d5
21. Ne4 1/2-1/2

[Event "32. Staufer-Open A-Turnier"]
[Site "Schwäbisch Gmünd"]
[Date "2020.01.04"]
[Round "6.3"]
[White "Iniyan, Panneer Selvam"]
[Black "Barzen, Pascal"]
[Result "1/2-1/2"]
[WhiteElo "2494"]
[BlackElo "2301"]
[PlyCount "137"]
[EventDate "2020.??.??"]
[BlackTeam "SG Trier"]

1. Nf3 Nf6 2. c4 e6 3. Nc3 d5 4. d4 Be7 5. Bg5 O-O 6. e3 c6 7. Rc1 Nbd7 8. Bd3
dxc4 9. Bxc4 b5 10. Bd3 Bb7 11. O-O a6 12. a4 Rc8 13. Qe2 h6 14. Bh4 Nb6 15.
Bb1 Nbd5 16. Ne5 c5 17. axb5 axb5 18. dxc5 Rxc5 19. Nxb5 Qb6 20. Nd4 Rfc8 21.
Rxc5 Rxc5 22. Nc4 Qa6 23. Rc1 Nb6 24. b3 Nxc4 25. bxc4 Qa3 26. Qd1 g5 27. Bg3
Ne4 28. Bd3 Nxg3 29. hxg3 Qa8 30. Ra1 Ra5 31. Rb1 Ra2 32. Qh5 Be4 33. Bxe4 Qxe4
34. Rb8+ Kg7 35. Qf3 Ra1+ 36. Kh2 Qxf3 37. gxf3 Ra2 38. Kg2 Bc5 39. Rc8 Bxd4
40. exd4 Rd2 41. Rd8 Kf6 42. Rd7 h5 43. c5 Rc2 44. Rd8 Rc4 45. Rd7 Rc2 46. f4
gxf4 47. gxf4 Rc3 48. f3 Rc1 49. Kg3 Rc2 50. f5 e5 51. dxe5+ Kxe5 52. Rxf7 Rxc5
53. Rh7 Kf6 54. Rxh5 Rxf5 55. Rh6+ Kg5 56. Ra6 Rb5 57. Ra8 Rb4 58. f4+ Kf5 59.
Ra5+ Kf6 60. Kg4 Rb6 61. Ra1 Rb5 62. Ra8 Rc5 63. Rf8+ Kg7 64. Rd8 Kf6 65. Rd6+
Kf7 66. Ra6 Rb5 67. Rh6 Kg7 68. Re6 Kf7 69. Re5 1/2-1/2

[Event "32. Staufer-Open A-Turnier"]
[Site "Schwäbisch Gmünd"]
[Date "2020.01.04"]
[Round "6.4"]
[White "Schitco, Ivan"]
[Black "Pallas, Sebastian"]
[Result "1-0"]
[WhiteElo "2467"]
[BlackElo "2268"]
[PlyCount "81"]
[EventDate "2020.??.??"]
[WhiteTeam "Stuttgarter SF"]
[BlackTeam "SG 1871 Löberitz"]

1. e4 c5 2. Nf3 d6 3. Bb5+ Nd7 4. Ba4 Ngf6 5. O-O g6 6. Re1 Bg7 7. c3 O-O 8. d4
e5 9. dxe5 dxe5 10. Bg5 Qc7 11. c4 Nb6 12. Bb3 Be6 13. Qe2 h6 14. Bd2 Nbd7 15.
Nc3 Ne8 16. Bc2 Nd6 17. b3 Rad8 18. Nd5 Bxd5 19. cxd5 a6 20. a4 Rde8 21. Bc3
Qd8 22. Bd3 f5 23. Nd2 a5 24. Nc4 Nxc4 25. Bxc4 b6 26. d6+ Kh8 27. Rad1 Qf6 28.
exf5 gxf5 29. f4 Qg6 30. Bb5 e4 31. Qb2 Rd8 32. Bxg7+ Qxg7 33. Qxg7+ Kxg7 34.
g4 Kg6 35. h3 fxg4 36. Rxe4 gxh3 37. Re7 Nf6 38. Kh2 Kf5 39. Kxh3 Kxf4 40. Rf1+
Kg5 41. Rg7+ 1-0

[Event "32. Staufer-Open A-Turnier"]
[Site "Schwäbisch Gmünd"]
[Date "2020.01.04"]
[Round "6.5"]
[White "Krassowizkij, Jaroslaw"]
[Black "Stork, Oliver"]
[Result "1/2-1/2"]
[WhiteElo "2462"]
[BlackElo "2267"]
[PlyCount "140"]
[EventDate "2020.??.??"]
[WhiteTeam "TSV Schönaich"]
[BlackTeam "SV Oberursel"]

1. e4 c5 2. Nf3 a6 3. c4 e6 4. Nc3 Qc7 5. d4 cxd4 6. Nxd4 Nf6 7. a3 b6 8. Be3
Bb7 9. f3 d6 10. Be2 Nbd7 11. Rc1 Be7 12. O-O O-O 13. Qd2 Rac8 14. b4 Qb8 15.
Rc2 Bd8 16. Kh1 Ne5 17. Na4 d5 18. exd5 exd5 19. c5 b5 20. Nc3 Nc4 21. Bxc4
dxc4 22. Nf5 Qe5 23. Nd6 Rc7 24. a4 bxa4 25. Nxa4 Rd7 26. Bd4 Qd5 27. Nb2 Bc7
28. Nbxc4 Rb8 29. Ne3 Qh5 30. Bxf6 gxf6 31. Ng4 Qg6 32. Qc3 Kg7 33. Rd2 Bc6 34.
Rd4 h5 35. Ne3 Bxd6 36. cxd6 Bb5 37. Rfd1 Rb6 38. Rd5 Rc6 39. Nf5+ Kh7 40. Qe3
Ba4 41. Ne7 Rxe7 42. dxe7 Re6 43. Qc5 Bxd1 44. Rxd1 Qg5 45. Qc7 Qd2 46. Rg1 Qd5
47. Qd8 Qe5 48. f4 Qe4 49. e8=R Rxe8 50. Qxf6 Qg6 51. Qa1 Re2 52. f5 Qc6 53.
Qb1 Qe4 54. h3 h4 55. Qc1 Kg7 56. f6+ Kg6 57. Qc8 Re1 58. Qxa6 Rxg1+ 59. Kxg1
Qe3+ 60. Kf1 Qc1+ 61. Ke2 Qb2+ 62. Ke3 Qxg2 63. Qd3+ Kxf6 64. Qd4+ Ke6 65. Qe4+
Qxe4+ 66. Kxe4 Kd6 67. Kf5 Kd5 68. b5 Kc5 69. Kg4 Kxb5 70. Kxh4 Kc6 1/2-1/2

[Event "32. Staufer-Open A-Turnier"]
[Site "Schwäbisch Gmünd"]
[Date "2020.01.04"]
[Round "6.6"]
[White "Lanka, Zigurds"]
[Black "Buckels, Valentin"]
[Result "0-1"]
[WhiteElo "2377"]
[BlackElo "2459"]
[PlyCount "114"]
[EventDate "2020.??.??"]
[WhiteTeam "SC Viernheim"]
[BlackTeam "SV Mülheim-Nord"]

1. e4 e5 2. Nf3 Nc6 3. Bb5 a6 4. Ba4 Nf6 5. O-O Be7 6. Re1 b5 7. Bb3 O-O 8. h3
Bb7 9. d3 d5 10. exd5 Nxd5 11. c3 f6 12. Nbd2 Qd7 13. Ne4 Kh8 14. Ng3 Rad8 15.
Bc2 f5 16. a3 Bd6 17. Bb3 Nf6 18. a4 b4 19. a5 {(=)} e4 20. Ng5 Rde8 21. dxe4
fxe4 22. N5xe4 Nxe4 23. Rxe4 Ne5 24. Rh4 Nf3+ 25. gxf3 Bxf3 26. Qc2 Re1+ 27.
Nf1 Rf5 28. Bc4 b3 29. Qd3 Rd1 30. Qe3 Bc5 31. Rd4 Bxd4 32. cxd4 Rf8 33. Qe5
Qxh3 34. Qh2 Qg4+ 35. Qg3 Qh5 36. Qh2 Qg4+ 37. Qg3 Be2 38. Qxg4 Rxf1+ 39. Kg2
R1xf2+ 40. Kg3 Bxg4 41. Kxg4 Rg2+ 42. Kh3 Rg6 43. Ra3 Rf3+ 44. Kh4 Rg1 45. Bg5
h6 46. Be7 g5+ 47. Kh5 Kg7 48. Rxb3 Rf4 49. Rh3 Rgg4 50. Bf8+ Kxf8 51. Kxh6
Rxd4 52. Bxa6 Rh4+ 53. Rxh4 gxh4 54. Bb7 Ra4 55. a6 h3 56. b4 h2 57. Kg5 Rxa6
0-1

[Event "32. Staufer-Open A-Turnier"]
[Site "Schwäbisch Gmünd"]
[Date "2020.01.04"]
[Round "6.11"]
[White "Pap, Misa"]
[Black "Heimrath, Rainer"]
[Result "1/2-1/2"]
[WhiteElo "2427"]
[BlackElo "2206"]
[PlyCount "68"]
[EventDate "2020.??.??"]

{[%evp 0,24,16,18,24,17,17,17,-2,-8,49,-14,41,36,46,36,41,59,33,37,46,17,46,63,
60,61,65]} 1. e4 e5 2. Nf3 Nc6 3. Bb5 a6 4. Ba4 g6 5. c3 Bg7 6. d4 b5 7. Bb3
exd4 8. cxd4 Nge7 9. Nc3 O-O 10. a4 Na5 11. axb5 Nxb3 12. Qxb3 Rb8 13. d5 axb5
14. O-O b4 15. Ne2 c5 16. Nd2 Bb7 17. Nc4 Ra8 18. Bg5 h6 19. Rxa8 Bxa8 20. Be3
d6 21. Bf4 Nc8 22. f3 f5 23. h3 Kh7 24. Qd3 Bb7 25. Ra1 fxe4 26. fxe4 Re8 27.
Ng3 Qf6 28. Be3 Qh4 29. Kh2 Rf8 30. Ne2 Qe7 31. Nf4 Be5 32. g3 Rf7 33. Ne6 Qf6
34. Qe2 g5 {Rest unleserlich} 1/2-1/2

[Event "32. Staufer-Open A-Turnier"]
[Site "Schwäbisch Gmünd"]
[Date "2020.01.04"]
[Round "6.8"]
[White "Farmani Anosheh, Armin"]
[Black "Sedlak, Nikola"]
[Result "1/2-1/2"]
[WhiteElo "2353"]
[BlackElo "2563"]
[PlyCount "121"]
[EventDate "2020.??.??"]
[WhiteTeam "SK Ladenburg"]
[BlackTeam "SV Deggendorf"]

1. e4 c6 2. d4 d5 3. e5 Bf5 4. h4 Qc7 5. g4 Bd7 6. Nc3 e6 7. f4 c5 8. Nf3 a6 9.
Be3 h5 10. gxh5 Nh6 11. Bh3 Nc6 12. dxc5 Na5 13. b3 Bxc5 14. Bxc5 Qxc5 15. Qd4
Qa3 16. Rg1 Rc8 17. Rxg7 Nc6 18. Qd2 Nb4 19. Rb1 Qa5 20. Kd1 Qc5 21. Ne2 Qf8
22. Rg5 Rxc2 23. Qd4 Bb5 24. Nc3 Nc6 25. Qe3 d4 26. Nxd4 Rh2 27. Ndxb5 axb5 28.
Nxb5 Qb4 29. Nd6+ Ke7 30. Rg2 Rh1+ 31. Kc2 Qd4 32. Qxd4 Nxd4+ 33. Kd3 Rxb1 34.
Kxd4 Rh1 35. Rg3 Rd8 36. Rc3 b6 37. Kc4 Rh2 38. a4 Rf2 39. Kb5 Rxf4 40. Rc7+
Kf8 41. Rc3 Rxh4 42. Kxb6 Rxh5 43. Kc7 Ra8 44. Nc4 Nf5 45. Bg2 Re8 46. a5 Nd4
47. Rd3 Rh4 48. a6 Nxb3 49. Rxb3 Rxc4+ 50. Kb6 Ra4 51. a7 Rd8 52. Bc6 Ra2 53.
Kc7 Ke7 54. Kb6 f6 55. exf6+ Kxf6 56. Bb7 Ke7 57. Bc6 Rd6 58. Rc3 e5 59. Kb7
Rd8 60. Kb6 Ke6 61. Rc5 1/2-1/2

[Event "32. Staufer-Open A-Turnier"]
[Site "Schwäbisch Gmünd"]
[Date "2020.01.04"]
[Round "6.9"]
[White "Burmakin, Vladimir"]
[Black "Baltic, Fatih"]
[Result "1-0"]
[WhiteElo "2519"]
[BlackElo "2286"]
[PlyCount "69"]
[EventDate "2020.??.??"]
[WhiteTeam "SF 90 Spraitbach"]
[BlackTeam "SV Mülheim-Nord"]

1. Nf3 Nf6 2. g3 d5 3. Bg2 e6 4. c4 dxc4 5. Qa4+ Bd7 6. Qxc4 c5 7. Ne5 Qc8 8.
Nxd7 Qxd7 9. b3 Nc6 10. Bb2 Be7 11. O-O O-O 12. Rd1 Rac8 13. e3 Rfd8 14. Na3 a6
15. Qe2 b5 16. Nc2 Na5 17. Bc3 Qc7 18. Bxa5 Qxa5 19. a4 b4 20. Bb7 c4 21. Bxc8
cxb3 22. Nd4 b2 23. Ra2 Rxc8 24. Nb3 Qe5 25. f4 Qe4 26. Rxb2 Rc2 27. Rdb1 Nd5
28. Rxc2 Qxc2 29. Qd1 Qe4 30. Rc1 g6 31. Qc2 Qf3 32. Rf1 Qg4 33. Qc8+ Kg7 34.
Qxa6 Bh4 35. Kg2 1-0